El Sector agropecuario mexicano y el TLC: apunte para un debate /
Furkejuvvon:
| Váldodahkki: | |
|---|---|
| Materiálatiipa: | Texto |
| Fáttát: | |
| Fáddágilkorat: |
Lasit fáddágilkoriid
Eai fáddágilkorat, Lasit vuosttaš fáddágilkora!
|
MARC
| LEADER | 00000 a a2200000 04500 | ||
|---|---|---|---|
| 001 | 5322 | ||
| 003 | |||
| 040 | |||
| 100 | |a Marroquín Reyes, Jesús | ||
| 245 | |a El Sector agropecuario mexicano y el TLC: |b apunte para un debate / |c Jesús Marroquín Reyes | ||
| 650 | |a SECTOR AGROPECUARIO | ||
| 650 | |a CRISIS SOCIAL | ||
| 650 | |a TLCAN | ||
| 650 | |a INDUSTRIALIZACION | ||
| 650 | |a HISTORIA SOCIAL | ||
| 773 | |g número 300; páginas 33-52 | ||
| 999 | |c 28175 |d 28175 | ||
